000 00475nam a2200193Ia 4500
008 151119s9999||||xx |||||||||||||| ||und||
082 _a891.46308
082 _bGKKV25161
100 _aरेगे आनंद
245 _aझुबेदा
260 _a--
260 _b--
260 _c2005
600 _aरेगे आनंद
630 _aझुबेदा
700 _aरेगे आनंद
730 _aझुबेदा
942 _cBOOK
999 _c1077703
_d1077700